[Event "Ostravský koník 2014 - FIDE Open B"]
[Site "Ostrava, CZE"]
[Date "2014.04.30"]
[Round "5"]
[White "Semancik, David"]
[Black "Hajek, Oskar"]
[Result "0-1"]
[WhiteElo "1721"]
[BlackElo "1947"]
[PlyCount "92"]

1. d4 d6 2. c4 e5 3. dxe5 dxe5 4. Qxd8+ Kxd8 5. e4 Be6 6. Nf3 f6 7. Nc3 Nd7 8.
Be3 c6 9. O-O-O Kc7 10. a3 a6 11. Nd2 Nh6 12. f3 Be7 13. Be2 b5 14. Kc2 Rhb8
15. cxb5 axb5 16. Ra1 Nf7 17. Rhb1 g5 18. b4 Nh8 19. Nb3 Ng6 20. Rc1 Kb7 21.
Na5+ Rxa5 22. bxa5 Ra8 23. Bd2 Nf4 24. Bf1 Bd8 25. g3 Ng6 26. Na2 Nc5 27. Rcb1
Bxa5 28. Bxa5 Rxa5 29. Nb4 g4 30. Nd3 Kb6 31. Nxc5 Kxc5 32. fxg4 Bxg4 33. Kd3
f5 34. h3 fxe4+ 35. Kxe4 Be6 36. Rb4 Bd5+ 37. Ke3 Rxa3+ 38. Rxa3 Kxb4 39. Ra7
Nf8 40. Bd3 Kc3 41. Bxh7 Nxh7 42. Rxh7 b4 43. Rb7 b3 44. h4 c5 45. Rb6 b2 46.
h5 Bb3 0-1

[Event "Ostravský koník 2014 - FIDE Open B"]
[Site "Ostrava, CZE"]
[Date "2014.04.30"]
[Round "5"]
[White "Sobek, Martin"]
[Black "Badacova, Irena"]
[Result "1/2-1/2"]
[WhiteElo "1946"]
[BlackElo "1818"]
[PlyCount "165"]

1. d4 Nf6 2. c3 d5 3. Bg5 Nbd7 4. e3 g6 5. f4 Ne4 6. Bh4 Ndf6 7. Nd2 Bg7 8. Bd3
Bf5 9. Bxf6 Nxf6 10. Bxf5 gxf5 11. Ngf3 Ng4 12. Qe2 Qd6 13. h3 Nf6 14. Ne5 Nd7
15. Nxd7 Qxd7 16. Nf3 f6 17. O-O-O O-O-O 18. Kb1 Rhg8 19. c4 dxc4 20. Qxc4 e6
21. Rc1 Kb8 22. g4 Rc8 23. gxf5 exf5 24. Rhg1 Rge8 25. Rc3 Bf8 26. Rgc1 Bd6 27.
Rb3 c6 28. Qd3 Re4 29. Nd2 Ree8 30. Nc4 Re4 31. Na5 b6 32. Qa6 Rc7 33. Nc4 Rb7
34. Nxd6 Qxd6 35. Qc4 Rc7 36. Rg1 Re8 37. h4 Rce7 38. Rg3 Kb7 39. Rc3 Rc8 40.
Qd3 Qd5 41. Qf1 Rce8 42. Qg1 Qe4+ 43. Kc1 Qd5 44. a3 Qe4 45. Kd2 Qd5 46. Qg2
Re4 47. Rg7+ Kb8 48. b3 c5 49. Kc1 cxd4 50. Rcc7 Rc8 51. Qc2 Ree8 52. exd4 Re1+
53. Kd2 Ree8 54. Rb7+ Qxb7 55. Rxb7+ Kxb7 56. Qxf5 Red8 57. Qxh7+ Rc7 58. Qe4+
Ka6 59. b4 Rcd7 60. Ke3 Rc7 61. a4 Rc3+ 62. Kd2 Rdc8 63. h5 Rh3 64. b5+ Ka5 65.
Qe6 Rh2+ 66. Kd3 Rcc2 67. Qe1+ Kxa4 68. Qd1 Kb3 69. h6 Kb2 70. h7 Rh3+ 71. Ke4
Rxh7 72. d5 Rhh2 73. Qd4+ Kc1 74. Qxf6 Rhe2+ 75. Kf5 Rc5 76. Qa1+ Kd2 77. Qb2+
Ke3 78. Qb3+ Kf2 79. Kf6 Re3 80. Qa2+ Kf3 81. Qxa7 Kxf4 82. Qxb6 Rxd5 83. Qc7+
1/2-1/2

[Event "Ostravský koník 2014 - FIDE Open B"]
[Site "Ostrava, CZE"]
[Date "2014.04.30"]
[Round "5"]
[White "Kozelsky, Marek"]
[Black "Veselsky, Jan"]
[Result "1-0"]
[WhiteElo "1933"]
[BlackElo "1655"]
[PlyCount "63"]

1. e4 c6 2. d4 d5 3. Nc3 dxe4 4. Nxe4 Bf5 5. Ng3 Bg6 6. Nf3 Nd7 7. Bd3 Bxd3 8.
Qxd3 e6 9. O-O Ngf6 10. c4 Be7 11. Re1 O-O 12. Bf4 Qb6 13. b3 Rfd8 14. c5 Qa5
15. Qc4 Nd5 16. Bd2 Qc7 17. Rac1 N7f6 18. b4 a6 19. a3 Nf4 20. Ne5 N6d5 21. Kf1
h5 22. Ne4 h4 23. g3 Nh5 24. Qe2 Ndf6 25. Ng5 g6 26. Nexf7 hxg3 27. Nxd8 gxh2
28. Qxe6+ Kg7 29. Qh3 Rxd8 30. Ne6+ Kf7 31. Nxc7 h1=Q+ 32. Qxh1 1-0

[Event "Ostravský koník 2014 - FIDE Open B"]
[Site "Ostrava, CZE"]
[Date "2014.04.30"]
[Round "5"]
[White "Hlubina, Pavel"]
[Black "Alexandr, Petr"]
[Result "1-0"]
[WhiteElo "1930"]
[BlackElo "1666"]
[PlyCount "49"]

1. e4 a6 2. d4 b5 3. Bd3 Bb7 4. f4 Nf6 5. Nd2 e6 6. Ngf3 Be7 7. O-O O-O 8. Qe1
c5 9. c3 c4 10. Bc2 Qc7 11. e5 Nd5 12. Ne4 f5 13. exf6 Nxf6 14. Nfg5 Nxe4 15.
Nxe4 Bxe4 16. Qxe4 g6 17. Qxa8 d5 18. f5 Qb6 19. fxg6 Rd8 20. g4 Kg7 21. Bf4
Nd7 22. Qxd8 Qxd8 23. Rad1 Qb6 24. Bh6+ Kh8 25. Rf7 1-0

[Event "Ostravský koník 2014 - FIDE Open B"]
[Site "Ostrava, CZE"]
[Date "2014.04.30"]
[Round "5"]
[White "Albertovic, Lukas"]
[Black "Safarik, Roman"]
[Result "1-0"]
[WhiteElo "1923"]
[BlackElo "1739"]
[PlyCount "106"]

1. e4 e6 2. d4 c5 3. c3 cxd4 4. cxd4 Bb4+ 5. Nc3 Ne7 6. Bd3 d5 7. e5 Nbc6 8.
Nf3 Nf5 9. O-O Nfxd4 10. Nxd4 Nxd4 11. Qg4 Nc6 12. Qxg7 Kd7 13. Nxd5 Qf8 14.
Nf6+ Kc7 15. Qxf8 Bxf8 16. f4 Bc5+ 17. Kh1 h6 18. a3 a5 19. Rb1 b6 20. Be4 Bb7
21. Bd2 Rad8 22. Rfd1 Be7 23. Be3 Bxf6 24. exf6 h5 25. f5 e5 26. Rbc1 h4 27.
Kg1 h3 28. g3 Rhg8 29. Kf2 Rh8 30. Rxd8 Rxd8 31. g4 Rd6 32. g5 Kd7 33. Kg3 Ke8
34. Kxh3 b5 35. Kh4 Nd4 36. Bxb7 Nxf5+ 37. Kh5 Nxe3 38. Rc8+ Kd7 39. Rf8 Rd2
40. Rxf7+ Ke6 41. Re7+ Kd6 42. Kg6 Rxh2 43. Bc8 Rh8 44. Be6 Ng2 45. Kg7 Rb8 46.
g6 e4 47. Bg4 e3 48. Re6+ Kc5 49. f7 Nf4 50. Rxe3 Rb7 51. Re4 Nd5 52. Re5 Kd6
53. Rxd5+ Kxd5 1-0

[Event "Ostravský koník 2014 - FIDE Open B"]
[Site "Ostrava, CZE"]
[Date "2014.04.30"]
[Round "5"]
[White "Kocur, Radim"]
[Black "Blecha, Josef"]
[Result "0-1"]
[WhiteElo "1719"]
[BlackElo "1890"]
[PlyCount "56"]

1. e4 e5 2. Nf3 Nf6 3. Nxe5 d6 4. Nf3 Nxe4 5. d3 Nf6 6. Nc3 d5 7. d4 Be7 8. h3
O-O 9. Bd3 c5 10. Be3 c4 11. Be2 Bb4 12. Bd2 Nc6 13. O-O Bf5 14. a3 Ba5 15. Bg5
Bxc3 16. bxc3 Qd6 17. Nh4 Be4 18. f3 Bg6 19. Nxg6 fxg6 20. Qd2 Nh5 21. Bh4 Rae8
22. Bd1 Ne7 23. Bxe7 Rxe7 24. Re1 Rfe8 25. Rxe7 Rxe7 26. Be2 Qg3 27. Re1 Nf4
28. Kf1 Qxg2# 0-1

[Event "Ostravský koník 2014 - FIDE Open B"]
[Site "Ostrava, CZE"]
[Date "2014.04.30"]
[Round "5"]
[White "Tyn, Marek"]
[Black "Pindjak, Michal"]
[Result "1/2-1/2"]
[WhiteElo "1878"]
[BlackElo "1766"]
[PlyCount "43"]

1. e4 e5 2. Nf3 Nc6 3. Bb5 Bc5 4. c3 d6 5. d4 exd4 6. cxd4 Bb4+ 7. Bd2 Bxd2+ 8.
Nbxd2 Bd7 9. O-O Nge7 10. Re1 O-O 11. a3 Ng6 12. Nb3 a6 13. Bxc6 Bxc6 14. Na5
Bd7 15. Rc1 Rb8 16. Qc2 c5 17. Nc4 Bg4 18. Ncd2 cxd4 19. Nxd4 Rc8 20. Qb3 Qg5
21. Rxc8 Rxc8 22. Qe3 1/2-1/2

[Event "Ostravský koník 2014 - FIDE Open B"]
[Site "Ostrava, CZE"]
[Date "2014.04.30"]
[Round "5"]
[White "Müller, Leo"]
[Black "Cvik, Stepan"]
[Result "0-1"]
[WhiteElo "1873"]
[BlackElo "1723"]
[PlyCount "104"]

1. c4 Nf6 2. Nc3 g6 3. d4 d5 4. cxd5 Nxd5 5. e4 Nxc3 6. bxc3 Bg7 7. Bg5 O-O 8.
Bc4 c5 9. Ne2 cxd4 10. cxd4 Nc6 11. Bd5 Qa5+ 12. Bd2 Qa6 13. Bc3 Bd7 14. Qd2
Rac8 15. Rb1 e6 16. Bb3 Rfd8 17. O-O b6 18. f4 Na5 19. Bd1 Nc4 20. Qd3 Ba4 21.
Bxa4 Qxa4 22. Rb4 Qc6 23. f5 exf5 24. exf5 Re8 25. d5 Qc5+ 26. Nd4 Re3 27. Rxc4
Rxd3 28. Rxc5 Bxd4+ 29. Bxd4 bxc5 30. Ba1 Rxd5 31. f6 c4 32. Bc3 Rd3 33. Rc1 h6
34. Kf2 a6 35. Rc2 g5 36. g3 Rc6 37. Kg2 Kh7 38. Kh3 Kg6 39. a4 Re6 40. Bb2 c3
41. Rxc3 Rxc3 42. Bxc3 Re4 43. a5 Rc4 44. Be1 Rc6 45. Bf2 Kxf6 46. Bb6 Re6 47.
Kg4 h5+ 48. Kf3 Kf5 49. Bd8 g4+ 50. Kf2 Re4 51. Bb6 Ra4 52. Ke3 Ke5 0-1

[Event "Ostravský koník 2014 - FIDE Open B"]
[Site "Ostrava, CZE"]
[Date "2014.04.30"]
[Round "5"]
[White "Benes, Miroslav"]
[Black "Havelka, Ondrej"]
[Result "0-1"]
[WhiteElo "2020"]
[BlackElo "1661"]
[PlyCount "94"]

1. d4 d5 2. Bg5 Nf6 3. Bxf6 exf6 4. Nf3 Bd6 5. g3 O-O 6. Bg2 c6 7. O-O Qb6 8.
b3 Be6 9. Nbd2 Nd7 10. c4 Qc7 11. c5 Be7 12. h3 b6 13. b4 a5 14. a3 axb4 15.
axb4 Rxa1 16. Qxa1 Qb7 17. Qb2 bxc5 18. dxc5 Rb8 19. Nd4 Bxc5 20. b5 cxb5 21.
Rb1 b4 22. N2b3 Bd6 23. Na5 Qb6 24. Nac6 Rb7 25. Ra1 Ne5 26. Ra8+ Bf8 27. Nxe6
fxe6 28. Nd8 Rd7 29. Nxe6 Qxe6 30. Qxb4 Ng6 31. h4 Qd6 32. Qb3 Ne7 33. e4 Rd8
34. Ra4 Kh8 35. exd5 Qc5 36. Rc4 Qa5 37. Rd4 Nc8 38. Rd1 Bc5 39. h5 Qb6 40. Qf3
Ne7 41. h6 g6 42. d6 Rxd6 43. Qa8+ Ng8 44. Bd5 Bxf2+ 45. Kf1 Rd8 46. Ra1 Rxa8
47. Rxa8 Qb5+ 0-1

[Event "Ostravský koník 2014 - FIDE Open B"]
[Site "Ostrava, CZE"]
[Date "2014.04.30"]
[Round "5"]
[White "Borovicka, Bohumil"]
[Black "Brzezny, Petr"]
[Result "1/2-1/2"]
[WhiteElo "2000"]
[BlackElo "1618"]
[PlyCount "87"]

1. d4 Nf6 2. Bf4 d5 3. e3 Bf5 4. c4 e6 5. Nc3 Bd6 6. Bg5 c6 7. Nf3 Nbd7 8. Be2
b6 9. O-O Qc7 10. cxd5 Nxd5 11. Rc1 Nxc3 12. Rxc3 O-O 13. Qc1 c5 14. b4 f6 15.
Bh4 Be4 16. Bg3 Bxg3 17. hxg3 Rac8 18. Ba6 Bb7 19. Bxb7 Qxb7 20. dxc5 bxc5 21.
bxc5 Nb8 22. Nd4 e5 23. Nb3 Nc6 24. Rd1 Rcd8 25. a3 Qa6 26. Rd6 Rxd6 27. cxd6
Nb8 28. Qd2 Rd8 29. Qd5+ Kh8 30. Nc5 Qxd6 31. Qxd6 Rxd6 32. Nb7 Rc6 33. Rd3
Rc1+ 34. Kh2 Rc8 35. Nd6 Rf8 36. Rb3 Nc6 37. Rc3 Nb8 38. Rc7 a6 39. Ra7 h6 40.
Ne4 Rc8 41. Ra8 Kh7 42. Nd6 Rd8 43. Nb7 Rc8 44. Nd6 1/2-1/2

[Event "Ostravský koník 2014 - FIDE Open B"]
[Site "Ostrava, CZE"]
[Date "2014.04.30"]
[Round "5"]
[White "Ling, Bronislav"]
[Black "Glacner, Karel"]
[Result "1-0"]
[WhiteElo "1981"]
[BlackElo "1579"]
[PlyCount "89"]

1. d4 Nf6 2. c4 g6 3. Nc3 Bg7 4. Nf3 d5 5. cxd5 Nxd5 6. e4 Nxc3 7. bxc3 c5 8.
Be2 cxd4 9. cxd4 Nc6 10. Be3 Qa5+ 11. Qd2 Qxd2+ 12. Kxd2 Bg4 13. Rab1 O-O 14.
d5 Bxf3 15. gxf3 Na5 16. Rhc1 b6 17. Ba6 Be5 18. f4 Bd6 19. e5 Bb8 20. Rc2 Rd8
21. Ke2 f6 22. Bd2 fxe5 23. Bxa5 bxa5 24. Bb7 Bd6 25. Bxa8 Rxa8 26. fxe5 Bxe5
27. h3 Bd6 28. Rbc1 Kg7 29. Rc8 Rxc8 30. Rxc8 a4 31. Kf3 Kf6 32. Ke4 Kg5 33.
Rc3 h5 34. Rd3 Bc5 35. f4+ Kh4 36. Rf3 a3 37. Ke5 Bd6+ 38. Ke6 g5 39. fxg5 Kxg5
40. Rf7 Kh4 41. Rxe7 Bxe7 42. Kxe7 Kxh3 43. d6 Kh2 44. d7 h4 45. d8=Q 1-0

[Event "Ostravský koník 2014 - FIDE Open B"]
[Site "Ostrava, CZE"]
[Date "2014.04.30"]
[Round "5"]
[White "Gresova, Zuzana"]
[Black "Tylecek, Drahomir"]
[Result "0-1"]
[WhiteElo "1550"]
[BlackElo "1942"]
[PlyCount "122"]

1. e4 e5 2. Nf3 Nc6 3. d4 exd4 4. Nxd4 Bc5 5. Nb3 Bb6 6. Nc3 Nf6 7. Bg5 d6 8.
Qe2 Nd4 9. Qd2 Nxb3 10. axb3 h6 11. Be3 Bxe3 12. Qxe3 O-O 13. O-O-O Bd7 14. Bc4
a5 15. Rhe1 a4 16. bxa4 Bxa4 17. Qd4 Bc6 18. b3 Ra1+ 19. Kb2 Rxd1 20. Rxd1 Nd7
21. Bd5 Qg5 22. g3 Nb6 23. f4 Qh5 24. Rd2 Bxd5 25. Nxd5 Nxd5 26. Qxd5 Qxd5 27.
Rxd5 Re8 28. Rd4 g5 29. fxg5 hxg5 30. Kc3 Kg7 31. Ra4 Rh8 32. Ra7 Rxh2 33. Rxb7
Rg2 34. Rxc7 Rxg3+ 35. Kd4 g4 36. Rb7 Rg1 37. Ke3 Rf1 38. Ke2 Rc1 39. Rc7 Kf6
40. Kf2 Kg5 41. Kg2 Kh4 42. Rc3 Re1 43. b4 Rxe4 44. b5 Re2+ 45. Kf1 Re8 46. Rc6
f5 47. Rxd6 f4 48. c4 Kg3 49. b6 f3 50. c5 Rh8 51. Ke1 f2+ 52. Ke2 Re8+ 53. Kd2
f1=Q 54. Rd3+ Kf4 55. Kc3 Re4 56. b7 Qc1+ 57. Kb3 Qb1+ 58. Kc3 Qb4+ 59. Kc2
Re2+ 60. Kc1 Qb2+ 61. Kd1 Qc2# 0-1

[Event "Ostravský koník 2014 - FIDE Open B"]
[Site "Ostrava, CZE"]
[Date "2014.04.30"]
[Round "5"]
[White "Lamser, Tomas"]
[Black "Chlebek, Jan"]
[Result "1-0"]
[WhiteElo "1941"]
[BlackElo "1543"]
[PlyCount "75"]

1. e4 c5 2. Nf3 d6 3. d3 Nc6 4. g3 Nf6 5. Bg2 g6 6. O-O Bg7 7. Bg5 Bg4 8. h3
Bd7 9. Qd2 h6 10. Be3 g5 11. e5 dxe5 12. Bxc5 Bxh3 13. Bxh3 g4 14. Bg2 gxf3 15.
Bxf3 Qc7 16. Nc3 Nd4 17. Bxd4 exd4 18. Nb5 Qb6 19. Qb4 O-O 20. a4 e5 21. Qe7
Rfe8 22. Qxb7 Qxb7 23. Bxb7 Rab8 24. Bg2 a6 25. Nd6 Red8 26. Nc4 h5 27. Rab1
Rdc8 28. b4 Bh6 29. b5 axb5 30. axb5 Kh8 31. b6 Rg8 32. Nxe5 Rg7 33. Nc6 Rbg8
34. b7 Bf4 35. b8=Q Bxb8 36. Rxb8 Ne8 37. Ne7 Rf8 38. Bc6 1-0

[Event "Ostravský koník 2014 - FIDE Open B"]
[Site "Ostrava, CZE"]
[Date "2014.04.30"]
[Round "5"]
[White "Chromik, Tomas"]
[Black "Zidek, Daniel"]
[Result "1/2-1/2"]
[WhiteElo "1939"]
[BlackElo "1475"]
[PlyCount "82"]

1. d4 g6 2. c4 Bg7 3. Nc3 Nf6 4. e4 d6 5. Nf3 O-O 6. Be2 Re8 7. O-O c5 8. Be3
Ng4 9. Bg5 b6 10. dxc5 bxc5 11. Qd5 Qb6 12. Qd2 Nc6 13. Nd5 Qd8 14. Rad1 Bb7
15. Ne1 Nge5 16. f4 Nd7 17. Bg4 Nb6 18. b3 Rb8 19. Nf3 Bc8 20. f5 Nxd5 21. exd5
Ne5 22. Nxe5 Bxe5 23. fxg6 hxg6 24. Qe2 Kg7 25. Be3 Rh8 26. h3 Rh4 27. Qf2 Bf6
28. Bxc8 Rxc8 29. Qg3 Rh5 30. Qg4 Qc7 31. Rf3 Rch8 32. Rdf1 Qc8 33. Qxc8 Rxc8
34. g4 Re5 35. g5 Bxg5 36. Rxf7+ Kh6 37. Bxg5+ Rxg5+ 38. Kh2 Re5 39. R1f2 a5
40. Kg2 a4 41. R7f3 Ra8 1/2-1/2

[Event "Ostravský koník 2014 - FIDE Open B"]
[Site "Ostrava, CZE"]
[Date "2014.04.30"]
[Round "5"]
[White "Markova, Kristyna"]
[Black "Gil, Karel"]
[Result "0-1"]
[WhiteElo "1474"]
[BlackElo "1873"]
[PlyCount "40"]

1. e4 c5 2. Nf3 e6 3. c4 Nc6 4. d3 Nf6 5. Nc3 Be7 6. Be2 d6 7. a3 O-O 8. Rb1
Qc7 9. b4 d5 10. exd5 exd5 11. cxd5 Ne5 12. Ne4 Nxd5 13. Qb3 Be6 14. bxc5 Nf4
15. Qxb7 Nexd3+ 16. Kf1 Qxb7 17. Rxb7 Nxc1 18. Rxe7 Nfxe2 19. g3 Bh3+ 20. Ke1
Bg2 0-1

[Event "Ostravský koník 2014 - FIDE Open B"]
[Site "Ostrava, CZE"]
[Date "2014.04.30"]
[Round "5"]
[White "Nytra, Ondrej"]
[Black "Hurta, Jiri"]
[Result "0-1"]
[WhiteElo "1452"]
[BlackElo "1844"]
[PlyCount "54"]

1. e4 Nf6 2. e5 Ng8 3. d4 d5 4. Nf3 Bg4 5. h3 Bh5 6. Be2 e6 7. c3 c5 8. O-O Nc6
9. Be3 Bxf3 10. Bxf3 Nge7 11. Qa4 Nf5 12. Rd1 Be7 13. Bg4 Nxe3 14. fxe3 Bg5 15.
Re1 Qb6 16. b3 O-O 17. Nd2 cxd4 18. cxd4 Nxe5 19. Nf3 Nxf3+ 20. Bxf3 Rac8 21.
Re2 Rc3 22. Rae1 Rfc8 23. g3 a6 24. h4 Be7 25. h5 Bb4 26. Rf1 Qd6 27. h6 b5 0-1

[Event "Ostravský koník 2014 - FIDE Open B"]
[Site "Ostrava, CZE"]
[Date "2014.04.30"]
[Round "5"]
[White "Bartos, Michal"]
[Black "Berka, Lubos"]
[Result "0-1"]
[WhiteElo "1960"]
[BlackElo "1793"]
[PlyCount "100"]

1. d4 Nf6 2. c4 g6 3. Nc3 Bg7 4. e4 d6 5. Nf3 O-O 6. h3 Nbd7 7. Be2 e5 8. Be3
exd4 9. Nxd4 Re8 10. Bd3 Nc5 11. Qc2 Nxd3+ 12. Qxd3 a6 13. O-O-O Nd7 14. Nb3
Ne5 15. Qe2 Nc6 16. f3 Be6 17. Nd4 Bd7 18. h4 f5 19. Bg5 Qc8 20. Nxc6 bxc6 21.
Qd2 Rb8 22. h5 fxe4 23. fxe4 Bg4 24. Rdg1 gxh5 25. Bh6 Qe6 26. Bxg7 Kxg7 27. b3
Qh6 28. Rf1 Qxd2+ 29. Kxd2 Rf8 30. Ke3 Rxf1 31. Rxf1 Rf8 32. Rxf8 Kxf8 33. Kf4
h6 34. g3 Ke7 35. b4 Ke6 36. a4 a5 37. b5 Kd7 38. bxc6+ Kxc6 39. Nd5 Bd1 40. e5
dxe5+ 41. Kxe5 Bxa4 42. Kd4 Bb3 43. Nc3 a4 44. Nb1 Kd6 45. Na3 c6 46. c5+ Ke6
47. Ke4 Bd5+ 48. Kf4 Bg2 49. Nc4 Bf1 50. Na3 Kd5 0-1

[Event "Ostravský koník 2014 - FIDE Open B"]
[Site "Ostrava, CZE"]
[Date "2014.04.30"]
[Round "5"]
[White "Depta, Tomas"]
[Black "Kacir, Tomas"]
[Result "1-0"]
[WhiteElo "1888"]
[BlackElo "1771"]
[PlyCount "70"]

1. e4 e5 2. Nc3 Nf6 3. Nf3 Nc6 4. d4 exd4 5. Nxd4 Be7 6. Bf4 d6 7. Nxc6 bxc6 8.
Bd3 Bg4 9. f3 Be6 10. O-O O-O 11. Qe1 Nh5 12. Be3 f5 13. exf5 Bxf5 14. Bxf5
Rxf5 15. g4 Bh4 16. Qd2 Re5 17. f4 Re6 18. gxh5 Qe7 19. Bf2 Re8 20. Kh1 Bf6 21.
Rae1 h6 22. Rxe6 Qxe6 23. Re1 Qf7 24. Rxe8+ Qxe8 25. Qe2 Qf7 26. Qf3 Qc4 27.
Kg2 a5 28. Qe4 Qxe4+ 29. Nxe4 Bxb2 30. Kf3 Kf7 31. Be1 a4 32. Ba5 d5 33. Nc5 a3
34. Bxc7 Bd4 35. Nb3 Bc3 1-0

[Event "Ostravský koník 2014 - FIDE Open B"]
[Site "Ostrava, CZE"]
[Date "2014.04.30"]
[Round "5"]
[White "Crha, Bretislav"]
[Black "Chrostek, Lukas"]
[Result "0-1"]
[WhiteElo "1799"]
[BlackElo "1769"]
[PlyCount "68"]

1. e4 e5 2. Nf3 Nc6 3. Bb5 a6 4. Ba4 Nf6 5. d3 b5 6. Bb3 Be7 7. O-O O-O 8. Re1
d6 9. c3 Na5 10. Bc2 c5 11. Nbd2 Re8 12. Nf1 Bf8 13. Bg5 g6 14. a4 b4 15. Ne3
Be6 16. d4 b3 17. Bd3 cxd4 18. cxd4 exd4 19. Nxd4 Bg7 20. Nxe6 fxe6 21. Ng4 Rf8
22. Qe2 Qb6 23. Be3 Qb7 24. Nxf6+ Bxf6 25. f3 Rf7 26. Rab1 Rc7 27. Rec1 Rxc1+
28. Bxc1 Rc8 29. Bxa6 Bd4+ 30. Kf1 Rc2 31. Qb5 Qc7 32. Bh6 Kf7 33. Rd1 Bxb2 34.
Qg5 Qb6 0-1

[Event "Ostravský koník 2014 - FIDE Open B"]
[Site "Ostrava, CZE"]
[Date "2014.04.30"]
[Round "5"]
[White "Snasel, Michal"]
[Black "Balon, Rene"]
[Result "1/2-1/2"]
[WhiteElo "1726"]
[BlackElo "1759"]
[PlyCount "63"]

1. e4 c6 2. Nc3 d5 3. Nf3 dxe4 4. Nxe4 Nd7 5. Bc4 e6 6. d3 Ngf6 7. Ng3 Bd6 8.
O-O O-O 9. Qe2 Re8 10. Bg5 Qc7 11. Rfe1 b5 12. Bb3 c5 13. c4 a6 14. Rac1 Bb7
15. d4 Qb6 16. cxb5 axb5 17. dxc5 Bxc5 18. Be3 Nd5 19. Bxc5 Nxc5 20. Bxd5 Bxd5
21. Qe3 Nd7 22. a3 Rac8 23. Qxb6 Nxb6 24. Nd4 Nc4 25. Rc2 Nd6 26. Rec1 Bb7 27.
f3 Rxc2 28. Rxc2 Rc8 29. Rxc8+ Bxc8 30. b4 Bd7 31. Nge2 e5 32. Nc2 1/2-1/2

[Event "Ostravský koník 2014 - FIDE Open B"]
[Site "Ostrava, CZE"]
[Date "2014.04.30"]
[Round "5"]
[White "Rychtecky, Pavel"]
[Black "Sumsal, Vaclav"]
[Result "0-1"]
[WhiteElo "1717"]
[BlackElo "1657"]
[PlyCount "128"]

1. e4 c6 2. d4 d5 3. Nc3 dxe4 4. Nxe4 Bf5 5. Ng3 Bg6 6. Nf3 Nd7 7. h4 h5 8. Bd3
Bxd3 9. Qxd3 e6 10. Bd2 Ngf6 11. c4 Bd6 12. Ne4 Nxe4 13. Qxe4 Nf6 14. Qe2 Qc7
15. O-O-O O-O-O 16. g3 Ng4 17. c5 Bf8 18. Bf4 Qd7 19. Ne5 Qe7 20. Nxg4 hxg4 21.
Qe5 Kd7 22. Qe2 Kc8 23. Qxg4 Rxd4 24. Rxd4 Qxc5+ 25. Kb1 Qxd4 26. Rd1 Qe4+ 27.
Ka1 Qf5 28. Qe2 Be7 29. a3 Rd8 30. Rxd8+ Bxd8 31. Qe3 Bb6 32. Qd2 Qd5 33. Qe2
f6 34. Bd2 e5 35. f3 Bd4 36. g4 Qb3 37. Bc1 Qxa3+ 38. Kb1 Qe7 39. Qe4 Kc7 40.
h5 a5 41. h6 gxh6 42. Bxh6 Qb4 43. Bc1 a4 44. Qd3 Kb6 45. Ka2 Kc5 46. Qc2+ Qc4+
47. Kb1 Qxc2+ 48. Kxc2 Kd5 49. Bd2 c5 50. g5 fxg5 51. Bxg5 c4 52. Be7 b5 53.
Bb4 Bc5 54. Bd2 b4 55. Bc1 Kd4 56. Bd2 Bd6 57. Bg5 b3+ 58. Kd2 Bb4+ 59. Ke2 a3
60. Be3+ Kd5 61. bxa3 Bxa3 62. Kd2 Bb4+ 63. Kc1 c3 64. Kb1 Kc4 0-1

[Event "Ostravský koník 2014 - FIDE Open B"]
[Site "Ostrava, CZE"]
[Date "2014.04.30"]
[Round "5"]
[White "Kuchar, Matej"]
[Black "Odstrcil, Lukas"]
[Result "1-0"]
[WhiteElo "1693"]
[BlackElo "1220"]
[PlyCount "61"]

1. e4 e6 2. d4 d5 3. Nc3 Bb4 4. e5 c5 5. a3 Bxc3+ 6. bxc3 Qa5 7. Bd2 Qa4 8. Nf3
Nc6 9. Be2 Nge7 10. Be3 Nf5 11. O-O c4 12. Qd2 O-O 13. Bg5 h6 14. Bf4 b6 15.
Ra2 Bd7 16. g4 Nfe7 17. Bxh6 Ng6 18. Bg5 Kh7 19. Nh4 Nce7 20. Bxe7 Nxe7 21. Qg5
Rae8 22. f4 Qa5 23. Rf3 Qb5 24. Rh3 Kg8 25. Ra1 Qb2 26. Re1 Qxc2 27. Nf3 Qg6
28. Qh4 f6 29. exf6 Rxf6 30. Qh8+ Kf7 31. Ne5# 1-0

[Event "Ostravský koník 2014 - FIDE Open B"]
[Site "Ostrava, CZE"]
[Date "2014.04.30"]
[Round "5"]
[White "Filip, Tomas"]
[Black "Zizka, Radim"]
[Result "1/2-1/2"]
[WhiteElo "1608"]
[BlackElo "1687"]
[PlyCount "30"]

1. e4 e5 2. Nf3 Nc6 3. d4 exd4 4. Bc4 Nf6 5. e5 Ne4 6. O-O Be7 7. Re1 d5 8. Bb5
O-O 9. Bxc6 bxc6 10. Nxd4 Bd7 11. f3 Nc5 12. Be3 Ne6 13. Nb3 f6 14. exf6 Bxf6
15. Nc3 Bxc3 1/2-1/2

[Event "Ostravský koník 2014 - FIDE Open B"]
[Site "Ostrava, CZE"]
[Date "2014.04.30"]
[Round "5"]
[White "Kaplita, Ladislav"]
[Black "Bosnak, Ondrej"]
[Result "1/2-1/2"]
[WhiteElo "1678"]
[BlackElo "1471"]
[PlyCount "65"]

1. e4 e5 2. Nf3 Nc6 3. Bc4 Nf6 4. c3 Na5 5. Bd3 d6 6. O-O Be7 7. Be2 Nxe4 8.
Qa4+ Nc6 9. Qxe4 d5 10. Qa4 Bd6 11. d4 O-O 12. Nxe5 Nxe5 13. dxe5 Bxe5 14. Qd1
Qh4 15. g3 Qd8 16. Bd3 Re8 17. Be3 d4 18. Bxd4 Bxd4 19. cxd4 Bh3 20. Qh5 Bxf1
21. Qxh7+ Kf8 22. Kxf1 Qd5 23. Kg1 Re1+ 24. Bf1 Rxf1+ 25. Kxf1 Qh1+ 26. Ke2
Re8+ 27. Kd3 Qf1+ 28. Kc3 Re6 29. Qh8+ Ke7 30. Qh4+ f6 31. d5 Qc1+ 32. Kd3 Qf1+
33. Kc3 1/2-1/2

[Event "Ostravský koník 2014 - FIDE Open B"]
[Site "Ostrava, CZE"]
[Date "2014.04.30"]
[Round "5"]
[White "Stonavsky, Filip"]
[Black "Romanek, Zdenek"]
[Result "0-1"]
[WhiteElo "1558"]
[BlackElo "1671"]
[PlyCount "80"]

1. d4 d5 2. c4 e6 3. Nf3 Nf6 4. Bg5 Be7 5. e3 O-O 6. Nc3 c6 7. Qc2 Nbd7 8. Bd3
dxc4 9. Bxc4 h6 10. Bh4 Qa5 11. O-O e5 12. dxe5 Nxe5 13. Nxe5 Qxe5 14. Bg3 Qa5
15. Rfd1 Bf5 16. e4 Bg6 17. f3 Qc5+ 18. Bf2 Qxc4 19. Rd4 Qe6 20. Ne2 Qc8 21.
Rad1 b6 22. Nf4 Bh7 23. Rc4 c5 24. b4 b5 25. Bxc5 bxc4 26. Bxe7 Re8 27. Bxf6
gxf6 28. Nd5 Qc6 29. Rd4 Kg7 30. Rxc4 Qxd5 31. exd5 Bxc2 32. Rxc2 Re1+ 33. Kf2
Rd1 34. Rc5 Rd2+ 35. Ke3 Rxa2 36. d6 Rd8 37. Rd5 Rxg2 38. h4 Rb2 39. Rd4 f5 40.
d7 Kf6 0-1

[Event "Ostravský koník 2014 - FIDE Open B"]
[Site "Ostrava, CZE"]
[Date "2014.04.30"]
[Round "5"]
[White "Petrov, Nikolaj"]
[Black "Bok, Zdenek"]
[Result "0-1"]
[WhiteElo "1777"]
[BlackElo "1502"]
[PlyCount "128"]

1. Nf3 d5 2. g3 Bf5 3. Bg2 e6 4. d3 Bd6 5. Nh4 Bg6 6. Nxg6 hxg6 7. Nd2 Nd7 8.
Nf3 Be7 9. Bf4 g5 10. Be3 c6 11. Qc1 f6 12. Nd4 Nf8 13. c4 e5 14. Nf5 d4 15.
Bd2 Ne6 16. Nxe7 Nxe7 17. Bb4 Qc7 18. Be4 c5 19. Bd2 Rb8 20. b4 b6 21. a4 cxb4
22. Bxb4 Nc5 23. Bg2 Nb3 24. Qa3 Nxa1 25. Qxa1 a5 26. Ba3 Nc6 27. Qb2 Nb4 28.
Bxb4 axb4 29. Qxb4 Qc5 30. Qb3 Qa5+ 31. Kf1 Qc5 32. Bd5 Ke7 33. Kg2 Rhd8 34.
Be4 Rd6 35. Rb1 Rh8 36. Qa2 Qc8 37. Rh1 f5 38. Bd5 Qc5 39. Rb1 Rdh6 40. Rh1 g4
41. Qd2 Rh5 42. e3 dxe3 43. fxe3 Qa5 44. Qb2 Kd6 45. d4 e4 46. Qf2 Qxa4 47. Bf7
R5h6 48. c5+ Ke7 49. Bd5 bxc5 50. dxc5 Qb4 51. c6 Qd6 52. Qa2 Kf6 53. Qb2+ Qe5
54. Qa2 Rb8 55. Bb3 Qc3 56. c7 Qxc7 57. Rd1 Kg5 58. Qa3 Rhb6 59. Ba4 Qe5 60.
Rd2 Rb2 61. Bc2 Qf6 62. Qc5 Rd8 63. Rf2 g6 64. Qc7 Qd6 0-1

[Event "Ostravský koník 2014 - FIDE Open B"]
[Site "Ostrava, CZE"]
[Date "2014.04.30"]
[Round "5"]
[White "Ocko, Dominik"]
[Black "Klimes, Jan"]
[Result "1/2-1/2"]
[WhiteElo "1480"]
[BlackElo "1763"]
[PlyCount "57"]

1. e4 c5 2. Nf3 Nc6 3. d4 cxd4 4. Nxd4 Nf6 5. Nc3 d6 6. Bg5 Nd7 7. Bc4 Nde5 8.
Bb3 g6 9. Qd2 Bg7 10. O-O-O O-O 11. f4 Nxd4 12. Qxd4 Nf3 13. Qe3 Nxg5 14. fxg5
Be5 15. Rhf1 Be6 16. Bxe6 fxe6 17. g3 Qa5 18. a3 Bxc3 19. Qxc3 Qxg5+ 20. Kb1
Qb5 21. Rxf8+ Rxf8 22. h4 Qc6 23. Qe3 Rc8 24. Qd3 Qc4 25. Rc1 Qxd3 26. cxd3
Rxc1+ 27. Kxc1 Kf7 28. Kd2 Kf6 29. g4 1/2-1/2